00919nam a22002417a 45000010005000000030006000050050017000110080041000280200018000690400030000870500008001170820012001251000022001372450102001592600046002613000059003075050007003665200193003735210029005665210019005956500030006147000033006443840FISKH20240516104133.0240516b cb ||||| |||| 00| 0 eng d a9788120730274 aFISKHbengcFISKHdFISKH  aPZ7 a808.068 aBernthal, Mark S. aBarney lets go to the police station /cWritten by Mark S. Bernthal ; Photography by Dennis Full  aNew Delhi : bSterling Publishers,c2006. a24 unnumbered pages : bcolor illustrations ; c22 cm  aH  aChildren will simply adore Barney, the purple dinosaur and his friends BJ and Baby Bop. The trio will soon become children`s best friends as they embark on fun-filled tours and adventures!8 a500 bLexile estimate 8 aH bRaz-Plus  aBarney xPolice Stations  aFull, Dennis ePhotographer